Розслідування незаконного позбавлення волі або викрадення людини (Запис № 574019)
[ простий вигляд ]
| 000 -Лідер | |
|---|---|
| fixed length control field | 03548nam a22002537a 4500 |
| 001 - Контрольний номер | |
| control field | 216223582 |
| 003 - Ідентифікатор контрольного номера | |
| control field | UA-OsUOA |
| 005 - Дата та час останнього входження (трансакції) | |
| control field | 20230327101027.0 |
| 008 - Елементи даних фіксованої довжини – загальна інформація | |
| fixed length control field | 230327b un ||||| |||| 00| 0 ukr d |
| 040 ## - Джерело каталогізації | |
| Агенція оригінальної каталогізації | UA-OsUOA |
| Мова каталогізації | ukr |
| Агенція, яка здійснювала перезапис | UA-OsUOA |
| Агенція, яка здійснювала модифікацію | UA-OsUOA |
| 041 ## - Код мови | |
| Код мови тексту/ звукової доріжки чи окремого заголовка (П) | ukr |
| 080 ## - Індекс Універсальної десяткової класифікації | |
| Індекс Універсальної десяткової класифікації (УДК) (НП) | 343.985:343.132 |
| 090 ## - Локальний шифр розміщення | |
| Класифікаційний індекс УДК | 343.985:343.132 |
| 095 ## - Код спеціальності для авторефератів | |
| Код спеціальності | 12.00.09 |
| Назва спеціальності | кримінальний процес та криміналістика; судова експертиза; оперативно-розшукова діяльність |
| 100 ## - Основне введення – ім’я особи | |
| Ім’я особи (НП) | Рудніченко О. М. |
| 245 ## - Відомості про назву | |
| Назва (НП) | Розслідування незаконного позбавлення волі або викрадення людини |
| Дані про відповідальність (НП) | Рудніченко Оксана Миколаївна ; наук. керівник Ігнатюк Олег Володимирович |
| 260 ## - Публікація, розповсюдження і т.п. (Вихідні дані) | |
| Місце публікації, розповсюдження і т.п. (П) | Київ |
| Дата публікації, розповсюдження і т.п. (П) | 2021 |
| 300 ## - Фізичний опис | |
| Обсяг | 20 с. |
| 502 ## - Примітка про дисертацію | |
| Зв'язок | Автореферат дисертації на здобуття наукового ступеня кандидата юридичних наук<br/> |
| Наймення інституції, що представляється | ПрАТ " Вищий навчальний заклад " Міжрегіональна Академія управління персоналом" |
| Рік отримання вченого ступеня | 2021 |
| 520 ## - Резюме і т.п. | |
| Резюме, реферат, анотація, тощо (НП) | У дисертації розроблено наукові основи комплексної криміналістичної методики розслідування незаконного позбавлення волі або викрадення людини в умовах нового кримінального процесуального законодавства, визначено її місце в системі видових методик, а також структуру криміналістичної характеристики, до якої включено такі елементи, як спосіб підготовки, вчинення та приховування злочинів; обстановка вчинення та слідова картина; відомості про осіб, які вчинили злочини, злочинні групи та особу потерпілого (-их) з урахуванням сучасного стану кримінального процесуального законодавства та правоохоронної діяльності. Досліджено проблемні аспекти початку досудового розслідування та обставини, що підлягають встановленню у кримінальних провадженнях щодо незаконного позбавлення волі або викрадення людини. Виокремлено типові слідчі ситуації та основні напрями розслідування. Визначено можливості взаємодії слідчого з працівниками оперативних підрозділів. Розкрито особливості тактико- криміналістичного забезпечення проведення слідчих (розшукових) дій і негласних слідчих (розшукових) дій під час розслідування та проаналізовано форми використання спеціальних знань за таких умов. |
| 650 ## - Додаткове предметне введення – тематичний термін | |
| Джерело заголовка чи терміна | UDC |
| Тематичний термін чи географічна назва, як елемент введення (НП) | 343 Кримінальне право. Карні порушення |
| 942 ## - Додаткові елементи входу (Коха) | |
| Source of classification or shelving scheme | Universal Decimal Classification |
| Тип елемента Koha | Автореферат |
| 955 ## - Код типу видання за змістом | |
| Код типу видання за змістом (НП) | Наукові видання |
Немає доступних примірників.